Trasa linii 510 Biskupiec -> Olsztyn - Statystyki

Ogólne statystyki
  • Ten quiz został rozwiązany 10 razy
  • Średni wynik to 12 z 27
Statystyki odpowiedzi
Nr. Przystanek % Poprawnych
7 Rzeck
78%
2 SP3
78%
1 Dworzec - Biskupiec
67%
10 Kojtryny
67%
11 Kromerowo
56%
26 Makro
56%
9 Nasy
56%
8 Nowe Marcinkowo
56%
27 Dworzec - Olsztyn
44%
4 Kościół
44%
3 Mickiewicza
44%
25 Stalowa
44%
5 Wojska Polskiego
44%
13 Barczewo
33%
22 Budowlana
33%
24 Chłodnia
33%
23 Izba Administracji Skarbowej
33%
15 Kaplityny
33%
12 Niedźwiedź
33%
6 Wojewódzka
33%
16 Wójtowo
33%
14 Wrócikowo
33%
21 Zakład Gazowniczy
33%
20 Cementowa
22%
18 Klebark Mały
22%
19 Tor Motocrossowy
22%
17 Wójtowa Rola
22%
Nie znaleziono quizów pasujących do podanych kryteriów
Rozkład punktacji
Procent ludzi z każdym wynikiem
Percentyl według liczby udzielonych odpowiedzi
Twoja historia wyników
Nie rozwiązałeś tego quizu